| 000 | 00753nam a22002177a 4500 | ||
|---|---|---|---|
| 003 | OSt | ||
| 005 | 20250701011659.0 | ||
| 008 | 250618b |||||||| |||| 00| 0 eng d | ||
| 020 | _a1-57075-277-x | ||
| 040 |
_aDWCL - Main lib _cOC |
||
| 082 | _aFil. 223.061 C414i 1999 | ||
| 100 | _aCeresko, Anthony R. | ||
| 245 |
_aIntroduction to Old Testament wisdom: _b a spirituality of liberation/ _cAnthony R. Ceresko |
||
| 260 |
_aQuzon City, Philippines: _bClaretian Publications, _cc1999. |
||
| 300 |
_axi, 205 pages: _b illustrations; _c23cm. |
||
| 504 | _aIncludes bibliography and index. | ||
| 650 | _a1. Wisdom literature Introductions. | ||
| 650 | _a2. Sociology, Biblical. | ||
| 650 | _a3. Liberation theology. | ||
| 942 |
_2ddc _cBK - FIL _kFil. _n0 |
||
| 999 |
_c3136 _d3136 |
||